[Event "Gran Canaria Santana Memorial 7th"]
[Site "Gran Canaria"]
[Date "2019.11.14"]
[Round "4"]
[White "Robaina Bordon, Hector"]
[Black "Marrero Rodriguez, Jorge"]
[Result "1-0"]
[WhiteElo "1811"]
[BlackElo "1544"]
[PlyCount "105"]
[EventDate "2019.11.05"]
[EventType "swiss"]
[EventRounds "7"]
[EventCountry "ESP"]
[SourceTitle "CBM 193 Extra"]
[Source "ChessBase"]
[SourceDate "2020.01.31"]
[SourceVersion "1"]
[SourceVersionDate "2020.01.31"]
[SourceQuality "1"]

1. d4 d5 2. Nf3 Nf6 3. Bf4 e6 4. e3 Bd6 5. Bg3 0-0 6. Nbd2 c5 7. c3 Qc7 8. Ne5 Nbd7 9. f4 Ne4 10. Bd3 Nxd2 11. Qxd2 f6 12. Nf3 e5 13. dxe5 fxe5 14. Bxh7+ Kxh7 15. Ng5+ Kh8 16. Qxd5 Nf6 17. Qc4 b5 18. Qxb5 exf4 19. 0-0-0 Qe7 20. Qd3 c4 21. Qxd6 Qxe3+ 22. Rd2 Nd7 23. Re1 Qc5 24. Qg6 Qf5 25. Qh5+ Kg8 26. Rd5 Nf6 27. Rxf5 Nxh5 28. Rxf8+ Kxf8 29. Bf2 Bf5 30. Bc5+ Kg8 31. Re5 Bd7 32. Ne4 Re8 33. Rxe8+ Bxe8 34. Nd2 Bc6 35. Nf3 Bxf3 36. gxf3 a6 37. b3 Kf7 38. bxc4 g5 39. Kd2 Ke6 40. Kd3 Nf6 41. Bd4 Ng8 42. Ke4 Ne7 43. Bf2 Ng6 44. Bd4 Ne7 45. h4 gxh4 46. Kxf4 Nf5 47. Kg4 a5 48. a4 Nd6 49. c5 Nc4 50. f4 Nb2 51. f5+ Ke7 52. Kxh4 Nd3 53. Kg5 1-0

[Event "Canarias-chT"]
[Site "Vecindario"]
[Date "2019.06.15"]
[Round "4.2"]
[White "Robaina Bordon, Hector"]
[Black "Santiago Humara, Eduardo"]
[Result "1-0"]
[WhiteElo "1792"]
[BlackElo "1741"]
[PlyCount "60"]
[EventDate "2019.06.13"]
[EventType "team-swiss"]
[EventRounds "6"]
[EventCountry "ESP"]
[SourceTitle "EXT 2020"]
[Source "ChessBase"]
[SourceDate "2019.10.17"]
[SourceVersion "1"]
[SourceVersionDate "2019.10.17"]
[SourceQuality "1"]
[WhiteTeam "Anand"]
[BlackTeam "Capablanca"]
[WhiteTeamCountry "ESP"]
[BlackTeamCountry "ESP"]

1. d4 d5 2. Nf3 Nf6 3. Bf4 g6 4. e3 Bg7 5. h3 0-0 6. Bd3 Nbd7 7. Nbd2 c5 8. c3 c4 9. Bc2 Re8 10. 0-0 b5 11. e4 dxe4 12. Nxe4 Bb7 13. Re1 Nxe4 14. Bxe4 Bxe4 15. Rxe4 Nf6 16. Re2 e6 17. Qd2 Nd5 18. Be5 Bxe5 19. Nxe5 Qd6 20. Rae1 Kg7 21. Ng4 Qf4 22. Qc2 h5 23. Re4 Qg5 24. Re5 Qd8 25. Nh2 a6 26. Qe4 Rh8 27. Nf3 Re8 28. Rg5 Qf6 29. Qh4 Kf8 30. Re4 Ke7 1-0

[Event "Montana de Galdar op 2nd"]
[Site "Galdar"]
[Date "2017.12.09"]
[Round "8.3"]
[White "Robaina Bordon, Hector"]
[Black "Rodriguez Melian, Jose Luis"]
[Result "0-1"]
[WhiteElo "1785"]
[BlackElo "2061"]
[PlyCount "66"]
[EventDate "2017.12.02"]
[EventType "swiss"]
[EventRounds "8"]
[EventCountry "ESP"]
[SourceTitle "EXT 2024"]
[Source "ChessBase"]
[SourceDate "2023.10.10"]
[SourceVersion "1"]
[SourceVersionDate "2023.10.10"]
[SourceQuality "1"]

1. d4 Nf6 2. Nf3 g6 3. Bf4 Bg7 4. e3 0-0 5. h3 d5 6. Bd3 c5 7. c3 Nc6 8. Nbd2 Nd7 9. Qc2 e5 10. dxe5 Ndxe5 11. Nxe5 Nxe5 12. Bxe5 Bxe5 13. Nf3 Bc7 14. 0-0-0 Qe7 15. Qd2 Be6 16. h4 h6 17. e4 dxe4 18. Qxh6 exf3 19. Bxg6 Bf4+ 20. Qxf4 fxg6 21. Qe4 Qf7 22. gxf3 Bf5 23. Qd5 Qxd5 24. Rxd5 Rfe8 25. h5 Rad8 26. Rhd1 Rxd5 27. Rxd5 Re2 28. Rxc5 Rc2+ 29. Kd1 Rxb2 30. hxg6 Bxg6 31. Rc7 Be8 32. Kc1 Rb6 33. f4 Bc6 0-1

[Event "Barcelona Sant Marti op-B 19th"]
[Site "Barcelona"]
[Date "2017.07.21"]
[Round "9"]
[White "Tortosa Moros, Joan"]
[Black "Robaina Bordon, Hector"]
[Result "0-1"]
[WhiteElo "1672"]
[BlackElo "1805"]
[PlyCount "190"]
[EventDate "2017.07.13"]
[EventType "swiss"]
[EventRounds "9"]
[EventCountry "ESP"]
[SourceTitle "EXT 2018"]
[Source "ChessBase"]
[SourceDate "2017.10.13"]
[SourceVersion "1"]
[SourceVersionDate "2017.10.13"]
[SourceQuality "1"]

1. e4 c6 2. Nc3 d5 3. Nf3 Bg4 4. h3 Bxf3 5. Qxf3 dxe4 6. Nxe4 Nd7 7. Bc4 e6 8. Bb3 Ngf6 9. Nxf6+ Nxf6 10. d3 h6 11. Bd2 Be7 12. 0-0-0 a5 13. a3 Nd5 14. Qg4 Bf6 15. Rde1 b5 16. Bxd5 Qxd5 17. Qe4 0-0 18. Qxd5 cxd5 19. g4 b4 20. a4 Bh4 21. Re2 Rac8 22. Kb1 Rc6 23. f4 Rfc8 24. Be3 Be7 25. Rg1 Kf8 26. g5 h5 27. g6 f6 28. Bd4 Ke8 29. Be3 Kd7 30. Bd4 Bc5 31. Bxc5 Rxc5 32. Rge1 R5c6 33. Rf1 Re8 34. Rf3 Re7 35. Rfe3 Rc8 36. Rg3 Rce8 37. Rg1 e5 38. fxe5 Rxe5 39. Rxe5 Rxe5 40. h4 Rf5 41. Ka2 Rf4 42. Rh1 Rg4 43. c3 bxc3 44. bxc3 Rxa4+ 45. Kb3 Rg4 46. Ra1 a4+ 47. Rxa4 Rxg6 48. Rd4 Ke6 49. c4 dxc4+ 50. dxc4 Rg4 51. Rd1 Rxh4 52. c5 Rh3+ 53. Kb4 Rh2 54. Rc1 Rb2+ 55. Ka5 Kd7 56. Rg1 Kc6 57. Rxg7 Rb5+ 58. Ka4 Rxc5 59. Rh7 Kd6 60. Kb4 Rg5 61. Kc4 Rg4+ 62. Kd3 h4 63. Ke3 Ke5 64. Kf3 Ra4 65. Rh5+ f5 66. Kg2 Rg4+ 67. Kh3 Kf4 68. Rh8 Kf3 69. Ra8 Kf4 70. Ra4+ Kg5 71. Ra8 Rg3+ 72. Kh2 Kg4 73. Rg8+ Kf4 74. Rh8 Rg4 75. Ra8 Rg7 76. Ra4+ Kg5 77. Kh3 Re7 78. Ra8 Re3+ 79. Kh2 f4 80. Rg8+ Kf5 81. Rf8+ Kg4 82. Rg8+ Kf3 83. Rh8 Re2+ 84. Kg1 Kg3 85. Rg8+ Kf3 86. Rh8 Rg2+ 87. Kh1 Rg4 88. Ra8 Kg3 89. Ra1 f3 90. Rg1+ Kf4 91. Rf1 Ke3 92. Ra1 Rd4 93. Re1+ Kf2 94. Ra1 Ke2 95. Rg1 Rd1 0-1

[Event "Canarias-chT"]
[Site "San Cristobal de La Laguna"]
[Date "2017.06.23"]
[Round "3.3"]
[White "Robaina Bordon, Hector"]
[Black "Kraus, Oliver"]
[Result "0-1"]
[WhiteElo "1799"]
[BlackElo "2019"]
[PlyCount "27"]
[EventDate "2017.06.22"]
[EventType "team-swiss"]
[EventRounds "6"]
[EventCountry "ESP"]
[SourceTitle "EXT 2024"]
[Source "ChessBase"]
[SourceDate "2023.10.10"]
[SourceVersion "1"]
[SourceVersionDate "2023.10.10"]
[SourceQuality "1"]
[WhiteTeam "Grandama Santa Lucia"]
[BlackTeam "Rey Ahogado"]
[WhiteTeamCountry "ESP"]
[BlackTeamCountry "ESP"]

1. d4 d5 2. Nf3 Nf6 3. Bf4 c5 4. e3 g6 5. c3 Qb6 6. Qb3 c4 7. Qxb6 axb6 8. Na3 Bf5 9. Nb5 Kd7 10. Be2 Ra5 11. a4 e6 12. 0-0 Be7 13. Rfc1 Ne4 14. Nh4 0-1

[Event "Arrecife de Lanzarote op"]
[Site "Arrecife de Lanzarote"]
[Date "2017.06.13"]
[Round "5"]
[White "Robaina Bordon, Hector"]
[Black "Bombin Pinera, Dionisio"]
[Result "1-0"]
[WhiteElo "1799"]
[BlackElo "1934"]
[PlyCount "89"]
[EventDate "2017.06.11"]
[EventType "swiss"]
[EventRounds "9"]
[EventCountry "ESP"]
[SourceTitle "EXT 2018"]
[Source "ChessBase"]
[SourceDate "2017.10.13"]
[SourceVersion "1"]
[SourceVersionDate "2017.10.13"]
[SourceQuality "1"]

1. d4 Nf6 2. Bf4 d6 3. Nf3 Nbd7 4. e3 g6 5. h3 Bg7 6. c4 0-0 7. Nc3 c5 8. Be2 b6 9. 0-0 Bb7 10. Qc2 cxd4 11. exd4 Rc8 12. b3 d5 13. Ne5 e6 14. Qd2 dxc4 15. Nxc4 Nd5 16. Nxd5 Bxd5 17. Nd6 Ra8 18. Nb5 Nf6 19. f3 Qd7 20. Rac1 Rac8 21. Nc3 Bc6 22. Rfd1 b5 23. Qd3 Rfd8 24. Be3 b4 25. Ne4 Nd5 26. Nc5 Qe7 27. Bd2 Qf6 28. Kh1 Qxd4 29. Qxd4 Bxd4 30. Ba6 Rc7 31. Bg5 Ne7 32. Bf6 Bxf6 33. Rxd8+ Kg7 34. Ne4 Be5 35. Rdd1 Nf5 36. Bd3 Nd4 37. Rc4 Rb7 38. Nc5 Rb8 39. Na6 Rd8 40. Bf1 Bb5 41. Rcxd4 Rxd4 42. Rxd4 Bxf1 43. Re4 Bd6 44. Nxb4 f5 45. Rd4 1-0

[Event "Arrecife de Lanzarote op"]
[Site "Arrecife de Lanzarote"]
[Date "2017.06.12"]
[Round "2"]
[White "Molina Rodriguez, Jose"]
[Black "Robaina Bordon, Hector"]
[Result "0-1"]
[WhiteElo "1068"]
[BlackElo "1799"]
[PlyCount "57"]
[EventDate "2017.06.11"]
[EventType "swiss"]
[EventRounds "9"]
[EventCountry "ESP"]
[SourceTitle "EXT 2019"]
[Source "ChessBase"]
[SourceDate "2018.10.10"]
[SourceVersion "1"]
[SourceVersionDate "2018.10.10"]
[SourceQuality "1"]

1. e4 c6 2. d4 d5 3. e5 Bf5 4. Nf3 e6 5. Nc3 Nd7 6. Be2 c5 7. b3 Rc8 8. Bb2 cxd4 9. Nxd4 Bg6 10. Nf3 Bb4 11. Qd2 Qc7 12. Bb5 Bxc3 13. Bxd7+ Kxd7 14. Bxc3 Qxc3 15. Qxc3 Rxc3 16. 0-0 Ne7 17. Rac1 Rhc8 18. Nd4 a6 19. f3 Nf5 20. Ne2 Rxc2 21. Rxc2 Rxc2 22. Nf4 Ne7 23. Nxg6 hxg6 24. a4 g5 25. g4 Ng6 26. Rf2 Rxf2 27. Kxf2 Nxe5 28. Kg3 a5 29. f4 0-1

[Event "Arrecife de Lanzarote op"]
[Site "Arrecife de Lanzarote"]
[Date "2017.06.11"]
[Round "1"]
[White "Robaina Bordon, Hector"]
[Black "Garcia Padron, Jose"]
[Result "0-1"]
[WhiteElo "1799"]
[BlackElo "2433"]
[PlyCount "86"]
[EventDate "2017.06.11"]
[EventType "swiss"]
[EventRounds "9"]
[EventCountry "ESP"]
[SourceTitle "EXT 2018"]
[Source "ChessBase"]
[SourceDate "2017.10.13"]
[SourceVersion "1"]
[SourceVersionDate "2017.10.13"]
[SourceQuality "1"]

1. d4 d5 2. Nf3 Nf6 3. Bf4 g6 4. e3 Bg7 5. Bd3 0-0 6. h3 c5 7. c3 Qb6 8. Qb3 c4 9. Qxb6 axb6 10. Bc2 b5 11. Nbd2 Nc6 12. Ne5 Bf5 13. Bxf5 gxf5 14. Nxc6 bxc6 15. Be5 Rfc8 16. Nf3 c5 17. dxc5 Nd7 18. Bxg7 Kxg7 19. Nd4 Nxc5 20. Ke2 e6 21. Rhb1 Rcb8 22. g4 fxg4 23. hxg4 Na4 24. Nc6 Rb6 25. Nb4 Nc5 26. Rh1 Rd8 27. Rh4 Ne4 28. Rah1 Rh8 29. R4h3 Nc5 30. f3 Rd6 31. Rd1 Rdd8 32. Rh5 Rc8 33. Kf2 Kg6 34. Kg3 f5 35. Rdh1 fxg4 36. Rh6+ Kg7 37. Kxg4 Rcf8 38. R6h5 Rf6 39. Rg5+ Kf7 40. Nc6 Nd3 41. Rh2 h6 42. Ne5+ Nxe5+ 43. Rxe5 Rg8+ 0-1

[Event "Las Palmas Insular-chT Primera-B 1617"]
[Site "Las Palmas"]
[Date "2016.12.03"]
[Round "6.3"]
[White "Robaina Bordon, Hector"]
[Black "Amador Garcia, Ismael"]
[Result "0-1"]
[WhiteElo "1795"]
[BlackElo "1745"]
[PlyCount "83"]
[EventDate "2016.10.22"]
[EventType "team-tourn"]
[EventRounds "14"]
[EventCountry "ESP"]
[SourceTitle "EXT 2018"]
[Source "ChessBase"]
[SourceDate "2017.10.13"]
[SourceVersion "1"]
[SourceVersionDate "2017.10.13"]
[SourceQuality "1"]
[WhiteTeam "Grandama II"]
[BlackTeam "Fundacion La Caja de Canarias II"]
[WhiteTeamCountry "ESP"]
[BlackTeamCountry "ESP"]

1. d4 Nf6 2. Bf4 g6 3. Nf3 Bg7 4. e3 0-0 5. h3 d6 6. c4 Nfd7 7. Be2 Nc6 8. Nc3 h6 9. 0-0 e5 10. Bh2 Re8 11. Rb1 exd4 12. exd4 Nf6 13. d5 Ne5 14. Nd4 Ned7 15. Qd2 Ne4 16. Nxe4 Rxe4 17. Nf3 Nf6 18. Bd3 Re8 19. Rfe1 Bd7 20. Rxe8+ Qxe8 21. Re1 Qf8 22. Bb1 Re8 23. Bg3 Nh5 24. b3 Nxg3 25. fxg3 h5 26. Rf1 Bh6 27. Qa5 Be3+ 28. Kh2 Bb6 29. Qd2 Qe7 30. Re1 Qf6 31. a4 a6 32. a5 Bc5 33. b4 Ba7 34. Rxe8+ Bxe8 35. Bd3 Bd7 36. Qc2 Kg7 37. Nd2 Qf2 38. Qc1 Be3 39. Ne4 Qxg2+ 40. Kxg2 Bxc1 41. b5 f5 42. Ng5 0-1

[Event "Las Palmas Insular-chT Primera-B 1617"]
[Site "Las Palmas"]
[Date "2016.11.05"]
[Round "3.4"]
[White "Medina Martin, Alberto"]
[Black "Robaina Bordon, Hector"]
[Result "0-1"]
[WhiteElo "1756"]
[BlackElo "1795"]
[PlyCount "110"]
[EventDate "2016.10.22"]
[EventType "team-tourn"]
[EventRounds "14"]
[EventCountry "ESP"]
[SourceTitle "EXT 2018"]
[Source "ChessBase"]
[SourceDate "2017.10.13"]
[SourceVersion "1"]
[SourceVersionDate "2017.10.13"]
[SourceQuality "1"]
[WhiteTeam "Guia Univac II"]
[BlackTeam "Grandama II"]
[WhiteTeamCountry "ESP"]
[BlackTeamCountry "ESP"]

1. d4 Nf6 2. c4 e6 3. Nc3 c5 4. d5 exd5 5. Nxd5 Nxd5 6. Qxd5 Nc6 7. Nf3 d6 8. e3 Be6 9. Qd1 Be7 10. Bd3 Bf6 11. 0-0 0-0 12. a3 a6 13. Rb1 Qc7 14. Qc2 g6 15. b3 Bg4 16. Nd2 Ne5 17. Bb2 Qe7 18. Rfe1 Nxd3 19. Qxd3 Bxb2 20. Rxb2 Qe5 21. Rbb1 Rad8 22. f3 Be6 23. e4 f5 24. Rbd1 fxe4 25. Nxe4 Bf5 26. Qd5+ Qxd5 27. Rxd5 Bxe4 28. Rxe4 Rf6 29. Re7 Rf7 30. Rxf7 Kxf7 31. Kf2 Ke6 32. g3 b5 33. Ke3 bxc4 34. bxc4 Rb8 35. Rd3 Rb2 36. Rd2 Rb1 37. Ke2 Rb3 38. Rd3 Rb1 39. Rd1 Rxd1 40. Kxd1 Ke5 41. Kc2 Kd4 42. Kb3 a5 43. f4 Kd3 44. g4 Ke4 45. f5 gxf5 46. gxf5 Kxf5 47. Ka4 Ke5 48. Kxa5 d5 49. cxd5 Kxd5 50. Kb5 c4 51. a4 c3 52. a5 Kd6 53. Kb6 c2 54. a6 c1Q 55. a7 Qc6+ 0-1

[Event "Gran Canaria Dominguez Memorial 3rd"]
[Site "Gran Canaria"]
[Date "2016.05.26"]
[Round "4"]
[White "Garcia Cruz, Jose Manuel"]
[Black "Robaina Bordon, Hector"]
[Result "0-1"]
[WhiteElo "1355"]
[BlackElo "1816"]
[PlyCount "70"]
[EventDate "2016.05.17"]
[EventType "swiss"]
[EventRounds "7"]
[EventCountry "ESP"]
[SourceTitle "CBM 172 Extra"]
[Source "ChessBase"]
[SourceDate "2016.06.21"]
[SourceVersion "1"]
[SourceVersionDate "2016.06.21"]
[SourceQuality "1"]

1. d4 f5 2. Nc3 Nf6 3. Bg5 e6 4. Nf3 b6 5. e4 fxe4 6. Nxe4 Be7 7. Bd3 Bb7 8. Qe2 0-0 9. Nxf6+ Bxf6 10. Bxf6 Qxf6 11. Be4 Bxe4 12. Qxe4 Nc6 13. c3 Rae8 14. 0-0 Kh8 15. Rae1 Qf5 16. Qxf5 Rxf5 17. Ne5 Nxe5 18. Rxe5 d6 19. Re3 Kg8 20. Rfe1 Rf6 21. d5 e5 22. c4 Ref8 23. R1e2 a5 24. a4 Rf4 25. Re4 R4f6 26. b3 Rc8 27. Rd2 Kf7 28. Kf1 Ke7 29. Rb2 Rf7 30. f3 c6 31. Rd2 cxd5 32. Rxd5 Rc5 33. Rxc5 bxc5 34. Ke2 Ke6 35. Ke3 Rb7 0-1

[Event "Las Palmas Insular-chT Pref-A"]
[Site "Las Palmas"]
[Date "2015.02.28"]
[Round "8.3"]
[White "Robaina Bordon, Hector"]
[Black "Suarez Ramirez, Jonay"]
[Result "1-0"]
[WhiteElo "1811"]
[BlackElo "1554"]
[PlyCount "55"]
[EventDate "2014.11.22"]
[EventType "team-tourn"]
[EventRounds "14"]
[EventCountry "ESP"]
[SourceTitle "EXT 2016"]
[Source "ChessBase"]
[SourceDate "2015.10.08"]
[SourceVersion "1"]
[SourceVersionDate "2015.10.08"]
[SourceQuality "1"]
[WhiteTeam "Grandama Santa Lucia"]
[BlackTeam "Canarias de Vecindario"]
[WhiteTeamCountry "ESP"]
[BlackTeamCountry "ESP"]

1. f4 c5 2. Nf3 g6 3. e3 Nc6 4. Nc3 Bg7 5. b3 Nf6 6. Bb2 0-0 7. Be2 d6 8. 0-0 Bf5 9. Nh4 Bd7 10. f5 Ne5 11. d4 cxd4 12. exd4 Nc6 13. fxg6 hxg6 14. Bc4 Kh7 15. Qd3 Nb4 16. Qg3 d5 17. Be2 Nxc2 18. Bd3 Nxa1 19. Rxf6 exf6 20. Nxg6 f5 21. Nxf8+ Qxf8 22. Nxd5 Nxb3 23. Qh4+ Bh6 24. Nf6+ Kg6 25. Nxd7 Qd6 26. Ne5+ Kg7 27. Qg3+ Kf6 28. Ng4+ 1-0

[Event "Las Palmas Insular-chT Pref-A"]
[Site "Las Palmas"]
[Date "2014.12.13"]
[Round "2.3"]
[White "Robaina Bordon, Hector"]
[Black "Monteiro Rodrigues, Carlos"]
[Result "0-1"]
[WhiteElo "1811"]
[BlackElo "1512"]
[PlyCount "70"]
[EventDate "2014.11.22"]
[EventType "team-tourn"]
[EventRounds "14"]
[EventCountry "ESP"]
[SourceTitle "EXT 2016"]
[Source "ChessBase"]
[SourceDate "2015.10.08"]
[SourceVersion "1"]
[SourceVersionDate "2015.10.08"]
[SourceQuality "1"]
[WhiteTeam "Grandama Santa Lucia"]
[BlackTeam "La Bagacera"]
[WhiteTeamCountry "ESP"]
[BlackTeamCountry "ESP"]

1. f4 e5 2. d3 Nc6 3. Nf3 Qe7 4. Nc3 Nf6 5. e4 Qc5 6. Qe2 d6 7. Be3 Nd4 8. Bxd4 exd4 9. Nd1 Be7 10. Qf2 Qa5+ 11. Qd2 Qb6 12. a4 a5 13. b3 d5 14. exd5 Nxd5 15. Kf2 0-0 16. Nb2 Bg4 17. Ne5 Be6 18. Be2 Bb4 19. Qc1 f6 20. Nbc4 Qc5 21. Nf3 Nc3 22. Re1 Bg4 23. h3 Nxe2 24. Rxe2 Bxf3 25. Kxf3 Qh5+ 26. Kf2 Qh4+ 27. Kg1 Rfe8 28. Qf1 Rxe2 29. Qxe2 Kf8 30. Rf1 Re8 31. Qf2 Qxf2+ 32. Kxf2 Kf7 33. Kf3 h5 34. Rf2 Kg6 35. Nd2 Re3# 0-1

[Event "Ibiza Summer op 3rd"]
[Site "Ibiza"]
[Date "2014.06.30"]
[Round "5"]
[White "Prohens Costa, Armando"]
[Black "Robaina Bordon, Hector"]
[Result "0-1"]
[WhiteElo "1614"]
[BlackElo "1813"]
[PlyCount "104"]
[EventDate "2014.06.27"]
[EventType "swiss"]
[EventRounds "7"]
[EventCountry "ESP"]
[SourceTitle "CBM 161 Extra"]
[Source "ChessBase"]
[SourceDate "2014.08.29"]
[SourceVersion "1"]
[SourceVersionDate "2014.08.29"]
[SourceQuality "1"]

1. e4 c6 2. d4 d5 3. exd5 cxd5 4. Bd3 Nc6 5. c3 Qc7 6. Ne2 Nf6 7. Bf4 Qd8 8. h3 e6 9. Nd2 Bd6 10. Bxd6 Qxd6 11. Nf3 0-0 12. 0-0 Re8 13. Re1 Bd7 14. Ng3 e5 15. dxe5 Nxe5 16. Nxe5 Rxe5 17. Rxe5 Qxe5 18. Qd2 Re8 19. Kf1 Bc6 20. Qc2 g6 21. Rd1 Ne4 22. Bxe4 dxe4 23. Kg1 e3 24. Qe2 exf2+ 25. Qxf2 a6 26. Rd2 Qg5 27. Kh2 Re3 28. Re2 Rd3 29. Qe1 Qd5 30. a3 a5 31. Qf2 a4 32. Qf6 Rd2 33. Qf2 Rd3 34. Qf4 Rd1 35. Qb8+ Kg7 36. Qf4 Rd3 37. Rf2 Qd6 38. Qxd6 Rxd6 39. Nf1 Rd3 40. Rd2 Rxd2 41. Nxd2 f5 42. h4 Kf6 43. Kg3 h6 44. Nf3 Bxf3 45. Kxf3 Ke5 46. g3 b5 47. Ke3 g5 48. hxg5 hxg5 49. Kf3 Kd5 50. Ke3 Kc4 51. Kd2 Kb3 52. Kc1 f4 0-1

[Event "Ibiza Summer op 3rd"]
[Site "Ibiza"]
[Date "2014.06.28"]
[Round "2"]
[White "Robaina Bordon, Hector"]
[Black "Sos Andreu, Eric"]
[Result "0-1"]
[WhiteElo "1813"]
[BlackElo "2345"]
[PlyCount "92"]
[EventDate "2014.06.27"]
[EventType "swiss"]
[EventRounds "7"]
[EventCountry "ESP"]
[SourceTitle "CBM 161 Extra"]
[Source "ChessBase"]
[SourceDate "2014.08.29"]
[SourceVersion "1"]
[SourceVersionDate "2014.08.29"]
[SourceQuality "1"]

1. f4 Nf6 2. Nf3 g6 3. b3 Bg7 4. Bb2 0-0 5. e3 d6 6. Be2 Nc6 7. 0-0 e5 8. fxe5 Ng4 9. h3 Ngxe5 10. Nxe5 dxe5 11. Bc4 e4 12. Bxg7 Kxg7 13. Nc3 f5 14. d4 exd3 15. Qxd3 Qe7 16. Nd5 Qe5 17. Rad1 Rd8 18. Qe2 Re8 19. Qf3 Be6 20. Rfe1 Bg8 21. Qf4 Rac8 22. Qxe5+ Nxe5 23. Be2 Bxd5 24. Rxd5 Re7 25. Kf2 Rce8 26. Bf3 c6 27. Rd4 Re6 28. Re2 R8e7 29. e4 f4 30. Red2 h5 31. h4 Kf6 32. Rd8 Nf7 33. R8d4 Ke5 34. c3 Rd6 35. a4 Red7 36. Rxd6 Rxd6 37. Ke2 b6 38. Rd3 Rxd3 39. Kxd3 Nd6 40. b4 c5 41. bxc5 bxc5 42. c4 a5 43. Be2 Nxe4 44. Bf3 Nd6 45. Bc6 Nf5 46. Be8 Nxh4 0-1

[Event "Las Palmas Insular-chT Primera-A"]
[Site "Las Palmas"]
[Date "2013.11.23"]
[Round "3.3"]
[White "Monteiro Rodrigues, Carlos"]
[Black "Robaina Bordon, Hector"]
[Result "1/2-1/2"]
[WhiteElo "1554"]
[BlackElo "1824"]
[PlyCount "120"]
[EventDate "2013.11.09"]
[EventType "team-tourn"]
[EventRounds "14"]
[EventCountry "ESP"]
[SourceTitle "EXT 2015"]
[Source "ChessBase"]
[SourceDate "2014.11.20"]
[SourceVersion "1"]
[SourceVersionDate "2014.11.20"]
[SourceQuality "1"]
[WhiteTeam "La Bagacera"]
[BlackTeam "Tirajana"]
[WhiteTeamCountry "ESP"]
[BlackTeamCountry "ESP"]

1. e4 c6 2. Nc3 d5 3. Nf3 dxe4 4. Nxe4 Nf6 5. Ng3 Bg4 6. h3 Bxf3 7. Qxf3 e6 8. Bc4 Bd6 9. 0-0 0-0 10. d3 Nbd7 11. Bb3 h6 12. Bd2 Ne5 13. Qe2 Ng6 14. Ne4 Be7 15. Bc3 Nf4 16. Qf3 N4d5 17. Bd2 Qc7 18. c4 Nxe4 19. dxe4 Nf6 20. Bc3 e5 21. Rad1 Rad8 22. Rxd8 Rxd8 23. Rd1 Rxd1+ 24. Bxd1 Qd6 25. Bb3 Nd7 26. Qf5 Bf6 27. Bc2 g6 28. Qg4 Bg7 29. Bb3 Kh7 30. c5 Qe7 31. Bb4 Nf6 32. Qe2 Qd7 33. Bc3 Nh5 34. Qg4 f5 35. exf5 Qxf5 36. Qc4 Nf6 37. Qe2 Ne4 38. Bb4 Qf4 39. Qe1 Bf8 40. g3 Qf3 41. Bd1 Qd3 42. Ba3 Bxc5 43. Bxc5 Nxc5 44. Be2 Qd6 45. Qa5 a6 46. Qb6 Qe7 47. Bc4 e4 48. Kh2 h5 49. Qa7 h4 50. Qb8 hxg3+ 51. fxg3 Qg7 52. Kh1 b5 53. Be2 Ne6 54. Bg4 Nd4 55. Qd8 c5 56. Qh4+ Kg8 57. Qd8+ Qf8 58. Qd5+ Qf7 59. Qxe4 Qf1+ 60. Kh2 Qf2+ 1/2-1/2

[Event "Las Palmas op 32nd"]
[Site "Las Palmas"]
[Date "2011.12.06"]
[Round "7"]
[White "Acosta Artiles, Manuel"]
[Black "Robaina Bordon, Hector"]
[Result "1-0"]
[WhiteElo "2055"]
[BlackElo "1816"]
[PlyCount "117"]
[EventDate "2011.12.02"]
[EventType "swiss"]
[EventRounds "9"]
[EventCountry "ESP"]
[SourceTitle "CBM 145 Extra"]
[Source "ChessBase"]
[SourceDate "2012.01.03"]
[SourceVersion "1"]
[SourceVersionDate "2012.01.03"]
[SourceQuality "1"]

1. Nf3 c6 2. c4 Nf6 3. d4 d5 4. e3 Bg4 5. Qb3 Qc7 6. Ne5 Bf5 7. Nc3 e6 8. Bd2 Bd6 9. f4 0-0 10. Rc1 a6 11. cxd5 exd5 12. Bd3 Bxd3 13. Nxd3 Nbd7 14. 0-0 Rfe8 15. Ne5 Rac8 16. Qd1 c5 17. Qf3 b5 18. Nxd5 Nxd5 19. Qxd5 Nf6 20. Qf3 Qe7 21. Kh1 cxd4 22. exd4 Bb4 23. Nc6 Rxc6 24. Bxb4 Qxb4 25. Rxc6 Qxd4 26. Rxa6 h6 27. Ra8 Rxa8 28. Qxa8+ Kh7 29. Qf3 Qxb2 30. Qd3+ Kh8 31. Rb1 Qxa2 32. Rxb5 Qf2 33. Rb8+ Ng8 34. g3 g6 35. Rd8 Kg7 36. Qd4+ Qxd4 37. Rxd4 Nf6 38. Kg2 h5 39. h3 Kh6 40. Rd6 Kg7 41. Kf3 Ne8 42. Rc6 Nf6 43. g4 hxg4+ 44. hxg4 Nd5 45. Rd6 Ne7 46. Ke4 f5+ 47. gxf5 Nxf5 48. Rd7+ Kf6 49. Rd5 Ng3+ 50. Kf3 Nf5 51. Rc5 Ke6 52. Kg4 Kf6 53. Rc6+ Kf7 54. Kg5 Ne7 55. Rc7 Ke6 56. Rxe7+ Kxe7 57. Kxg6 Kf8 58. Kf6 Ke8 59. Kg7 1-0

[Event "Las Palmas Insular-chT Primera-B"]
[Site "Las Palmas"]
[Date "2011.11.12"]
[Round "1.2"]
[White "Navarro Cabrera, Agustin"]
[Black "Robaina Bordon, Hector"]
[Result "1/2-1/2"]
[WhiteElo "1818"]
[BlackElo "1816"]
[PlyCount "34"]
[EventDate "2011.11.12"]
[EventType "team-tourn"]
[EventRounds "14"]
[EventCountry "ESP"]
[SourceTitle "EXT 2013"]
[Source "ChessBase"]
[SourceDate "2012.11.22"]
[SourceVersion "1"]
[SourceVersionDate "2012.11.22"]
[SourceQuality "1"]
[WhiteTeam "Canarias de Las Palmas"]
[BlackTeam "Telde Los Llanos II"]
[WhiteTeamCountry "ESP"]
[BlackTeamCountry "ESP"]

1. e4 c6 2. d4 d5 3. exd5 cxd5 4. c4 Nf6 5. Nf3 Nc6 6. h3 e6 7. Nc3 Be7 8. Bf4 a6 9. Rc1 0-0 10. Be2 dxc4 11. Bxc4 b5 12. Bb3 Bb7 13. d5 exd5 14. Bxd5 Bb4 15. 0-0 Bxc3 16. Bxc6 Bxc6 17. Rxc3 Rc8 1/2-1/2

[Event "Las Palmas Insular-chT Pref-A"]
[Site "Las Palmas"]
[Date "2011.04.30"]
[Round "14.2"]
[White "Robaina Bordon, Hector"]
[Black "Rodriguez Perez, David Antonio"]
[Result "1-0"]
[WhiteElo "1786"]
[BlackElo "2022"]
[PlyCount "35"]
[EventDate "2011.01.15"]
[EventType "team-tourn"]
[EventRounds "14"]
[EventCountry "ESP"]
[SourceTitle "EXT 2012"]
[Source "ChessBase"]
[SourceDate "2011.11.24"]
[SourceVersion "1"]
[SourceVersionDate "2011.11.24"]
[SourceQuality "1"]
[WhiteTeam "Telde Los Llanos II"]
[BlackTeam "Real Club Victoria II"]
[WhiteTeamCountry "ESP"]
[BlackTeamCountry "ESP"]

1. f4 e5 2. fxe5 d6 3. exd6 Bxd6 4. Nf3 Bg4 5. e3 Nd7 6. Be2 Qe7 7. 0-0 f5 8. Nc3 c6 9. h3 Bxf3 10. Bxf3 0-0-0 11. d4 Ngf6 12. Qd3 g6 13. a4 Rhe8 14. a5 Ne4 15. a6 b6 16. Qc4 Nb8 17. Nxe4 fxe4 18. Bg4+ 1-0